| 000 | 00652cam a2200205 a 4500 | ||
|---|---|---|---|
| 020 | _a0299158101 (cloth : alk. paper) | ||
| 020 | _a0299158144 (pbk. : alk. paper) | ||
| 040 | _cDLC | ||
| 082 | 0 | 0 | _a330 UNI 1998 A075 Or. |
| 100 | 1 | _aMcCloskey, Deirdre N. | |
| 245 | 1 | 4 | _aThe rhetoric of economics / |
| 250 | _a2nd ed. | ||
| 260 |
_aMadison, Wis. : _bUniversity of Wisconsin Press, _cc1998. |
||
| 300 |
_axxi, 223 p. ; _c24 cm. |
||
| 650 | 0 | _aEconomics. | |
| 650 | 0 | _aRhetoric. | |
| 856 | 4 | 2 | _uhttp://www.loc.gov/catdir/enhancements/fy0666/97037740-b.html |
| 856 | 4 | 2 | _uhttp://www.loc.gov/catdir/enhancements/fy0666/97037740-d.html |
| 942 | _cEK | ||
| 999 |
_c15265 _d15265 |
||